|
|
|
|
| LEADER |
01164nam a2200265 a 4500 |
| 001 |
3873764 |
| 008 |
091006s1990 enkaf b 001 0 eng d |
| 010 |
|
|
|a 89049720
|
| 020 |
|
|
|a 0582014182
|
| 020 |
|
|
|a 0470216581 (Wiley)
|
| 040 |
|
|
|a DLC
|c DLC
|d DLC
|
| 082 |
0 |
0 |
|a 362.1/09172/4
|2 20
|
| 100 |
1 |
|
|a Phillips, David R.
|
| 245 |
1 |
0 |
|a Health and health care in the Third World /
|c David R. Phillips.
|
| 260 |
|
|
|a Harlow, Essex, England :
|b Longman Scientific & Technical,
|c 1990.
|
| 300 |
|
|
|a xvi, 334 p., 8 p. of plates :
|b ill. ;
|c 22 cm.
|
| 490 |
0 |
|
|a Longman development studies
|
| 500 |
|
|
|a "Copublished in the United States with John Wiley & Sons, Inc., New York."
|
| 504 |
|
|
|a Includes bibliographical references (p. [303]-328) and index.
|
| 541 |
1 |
|
|e 00011121
|
| 650 |
|
0 |
|a Public health
|z Developing countries.
|
| 650 |
|
0 |
|a Medical care
|z Developing countries.
|
| 852 |
4 |
|
|a Ayesha Abed Library
|j General Shelf.
|
| 999 |
|
|
|c 4280
|d 4280
|
| 952 |
|
|
|0 0
|1 0
|2 ddc
|4 0
|6 362_109172400000000_PHI_1990
|7 0
|9 3949
|a BRACUL
|b BRACUL
|c GEN
|d 2009-10-06
|g 0.00
|l 1
|m 8
|o 362.1091724 PHI
|p 3010011121
|r 2012-01-16
|s 2011-10-10
|t 1
|w 2009-10-06
|y BK
|x No price found in the accession register.
|